| 000 | 01355nam a2200421 c 4500 | ||
|---|---|---|---|
| 001 | 23034 | ||
| 003 | ES-MaCES | ||
| 005 | 20170201120443.0 | ||
| 008 | 100506s2010 xxud t i000 | eng d | ||
| 020 | _a9780821382264 | ||
| 020 | _a9780821382271 (eISBN) | ||
| 035 | _aCES20100003788m | ||
| 040 |
_aES-MaCES _bspa _cES-MaCES |
||
| 245 | 0 | 0 |
_aGlobal economic prospects 2010 _b: crisis, finance, and growth |
| 260 |
_aWashington, D.C. _bWorld Bank _c[2010] |
||
| 300 |
_aXV, 164 p. _bgráf. col. _c28 cm |
||
| 504 | _aBibliografía | ||
| 541 | _cCompra | ||
| 650 | 4 |
_aglobalización económica _930653 |
|
| 650 | 4 |
_acondiciones económicas _927081 |
|
| 650 | 4 |
_apolítica económica _927025 |
|
| 650 | 4 |
_acrisis económica _927102 |
|
| 650 | 4 |
_amercado financiero _928150 |
|
| 650 | 4 |
_acrecimiento económico _927094 |
|
| 650 | 4 |
_aevaluación del impacto _930732 |
|
| 650 | 4 |
_apredicción económica _927072 |
|
| 650 | 4 |
_apaís en desarrollo _927092 |
|
| 650 | 4 |
_apaís desarrollado _927091 |
|
| 650 | 4 |
_a2010 _931233 |
|
| 650 | 4 |
_atendencia _928907 |
|
| 653 | 1 | 0 | _aCondiciones económicas |
| 650 | 4 |
_930761 _asector financiero |
|
| 787 | 0 |
_tGlobal economic prospects 2009 _w(ES-MaCES)22415 |
|
| 710 | 2 |
_91604 _aBanco Mundial _eed. |
|
| 902 | _aLIB Libro | ||
| 942 |
_2CES _cBK _h0.0. |
||
| 999 |
_c23034 _d23034 |
||